声優アワード 主演女優賞 - Statistics

General Stats
  • This quiz has been taken 29 times
  • The average score is 5 of 20
Answer Stats
回(年) 名前 % Correct
第10回(2015) 水瀬いのり
81%
第2回(2007) 平野綾
57%
第6回(2011) 悠木碧
48%
第5回(2010) 豊崎愛生
38%
第4回(2009) 沢城みゆき
33%
第3回(2008) 釘宮理恵
29%
第11回(2016) 上白石萌音
29%
第16回(2021) 緒方恵美
24%
種﨑敦美
19%
第18回(2023) 市ノ瀬加那
19%
第14回(2019) 古賀葵
14%
第15回(2020) 石川由依
14%
第1回(2006) 朴璐美
10%
第9回(2014) 神田沙也加
10%
第12回(2017) 黒沢ともよ
10%
第17回(2022) 安済知佳
10%
第7回(2012) 阿澄佳奈
5%
第8回(2013) 佐藤利奈
5%
第13回(2018) 三瓶由布子
5%
第19回(2024) 岡咲美保
0%
No matching quizzes found
Score Distribution
Percent of People with Each Score
Percentile by Number Answered
Your Score History
You have not taken this quiz